| 000 | 00942nam a2200277 a 4500 | ||
|---|---|---|---|
| 001 | 9761 | ||
| 003 | CO-ViMGA | ||
| 008 | 141112s2004 ck r 000 u spa d | ||
| 020 | _a9580426600 | ||
| 040 |
_aCO-ViMGA _bspa _cCO-ViMGA |
||
| 082 | _a370.115 P433 V.10 | ||
| 100 | 1 |
_aPerdomo Castaño ; Calos Alberto, _96284 |
|
| 245 | 1 | 0 |
_aParticipar 10 : _bConstitución, Democracia y valores ciudadanos |
| 260 |
_aSantafé de Bogotá : _bEditorial Norma S.A, _c1998 |
||
| 300 | _a80p. : il color | ||
| 650 | 1 | 4 |
_aCONSTITUCIONES COLOMBIANAS (1886 - 1991) _96285 |
| 650 | 1 | 4 |
_aDERECHOS DE LA SOLIDARIDAD _96286 |
| 650 | 1 | 4 |
_aDERECHOS, DEBERES Y OBLIGACIONES _96287 |
| 650 | 1 | 4 |
_aDESASTRES NATURALES _96288 |
| 650 | 1 | 4 |
_aDIGNIDAD HUMANA _96289 |
| 650 | 1 | 4 |
_aMEDIOS DE COMUNICACION _96290 |
| 650 | 1 | 4 |
_aMUJER Y VIOLENCIA INTRAFAMILIAR _96291 |
| 650 | 1 | 4 |
_aPARTICIPACION DEMOCRACIA _96292 |
| 650 | 1 | 4 |
_aPARTIDOS POLITICOS _9200 |
| 942 |
_2ddc _cBK |
||
| 999 |
_c11398 _d11398 |
||